Southville International School and Colleges
Your cart is empty.
  • Cart
  • Lists
    Public lists Eva Luna New books Lux_list list_1
    Your lists Log in to create your own lists
  • Log in to your account
  • Your cookies
  • Search history
Southville International School and Colleges
  • Advanced search
  • Recent comments
  • Most popular
  • Libraries

Log in to your account

Log in with GOOGLE


If you do not have an external account, but do have a local account, you can still log in:

  1. Home
  2. MARC view: Do you see what I see? :
Normal view MARC view ISBD view

Do you see what I see? : (Record no. 115649)

[ view plain ]
MARC details
000 -LEADER
fixed length control field 00645nam a2200193Ia 4500
008 - FIXED-LENGTH DATA ELEMENTS--GENERAL INFORMATION
fixed length control field 140429s9999 xx 000 0 und d
020 ## - INTERNATIONAL STANDARD BOOK NUMBER
International Standard Book Number 9781571746306
050 ## - LIBRARY OF CONGRESS CALL NUMBER
Classification number QC 16.T355
Item number .A3 2003
100 ## - MAIN ENTRY--PERSONAL NAME
Personal name Targ, Russell
245 ## - TITLE STATEMENT
Title Do you see what I see? :
Remainder of title memoirs of a blind biker /
Statement of responsibility, etc Russell Targ.
260 ## - PUBLICATION, DISTRIBUTION, ETC. (IMPRINT)
Place of publication, distribution, etc Charlottesville :
Name of publisher, distributor, etc Hampton Roads Pub. Co.,
Date of publication, distribution, etc c2008.
300 ## - PHYSICAL DESCRIPTION
Extent 261 p. :
Other physical details ill. ;
Dimensions 23 cm.
500 ## - GENERAL NOTE
General note Includes bibliographical references and index.
521 ## - TARGET AUDIENCE NOTE
Target audience note
650 ## - SUBJECT ADDED ENTRY--TOPICAL TERM
Topical term or geographic name as entry element Parapsychologists
General subdivision United States --Biography.
650 ## - SUBJECT ADDED ENTRY--TOPICAL TERM
Topical term or geographic name as entry element Physicists
General subdivision United States --Biography.
942 ## - ADDED ENTRY ELEMENTS (KOHA)
Call number prefix Foreign
Koha item type Books
Holdings
Withdrawn status Lost status Source of classification or shelving scheme Damaged status Home library Current library Shelving location Date acquired Source of acquisition Cost, normal purchase price Total Checkouts Full call number Barcode Date last seen Date checked out Price effective from Koha item type
    Library of Congress Classification   Archives Archives   04/29/2014 Library Fund 872.00 1 QC 16.T355 .A3 2003 C17011 08/06/2018 07/30/2018 04/29/2014 Books

Do you see what I see? :

APA

Targ R., . (2008). Do you see what I see?. Charlottesville: Hampton Roads Pub. Co.

Chicago

Targ Russell, . 2008. Do you see what I see?. Charlottesville: Hampton Roads Pub. Co.

Harvard

Targ R., . (2008). Do you see what I see?. Charlottesville: Hampton Roads Pub. Co.

MLA

Targ Russell, . Do you see what I see?. Charlottesville: Hampton Roads Pub. Co. 2008.

  • Place hold
  • Print
  • Cite
  • Add to your cart (remove)
  • Save record
    BIBTEX Dublin Core MARCXML MARC (non-Unicode/MARC-8) MARC (Unicode/UTF-8) MARC (Unicode/UTF-8, Standard) MODS (XML) RIS
  • More searches
    Search for this title in:
    Other Libraries (WorldCat) Other Databases (Google Scholar) Online Stores (Bookfinder.com) Open Library (openlibrary.org)

Exporting to Dublin Core...

SOUTHVILLE LIBRARY

Southville International School and Colleges Library

1281 Tropical Ave. Cor. Luxembourg St., BF Homes International, Las Pinas City

Tel. No. 8256374 / 252358 Loc. 117/146

Powered by Koha